Inflacion y estabilizacion: la experiencia de Israel, Argentina, Brasil, Bolivia y Mexico
Zapisane w:
| Główni autorzy: | , , , |
|---|---|
| Format: | Książka |
| Język: | hiszpański |
| Wydane: |
Ciudad de México
Fondo de Cultura Ecooómica
1988
|
| Seria: | Lecturas, 62
|
| Hasła przedmiotowe: | |
| Etykiety: |
Dodaj etykietę
Nie ma etykietki, Dołącz pierwszą etykiete!
|
MARC
| LEADER | 00000nam a2200000 a 4500 | ||
|---|---|---|---|
| 001 | UCX1001 | ||
| 003 | CL-VaPUC | ||
| 008 | 900515e19880000MX |||||||||||||||||spa|d | ||
| 082 | 0 | 4 | |a 332.41 |b BRU |2 21 |
| 100 | 0 | |a Bruno, Michael |e author |9 316384 | |
| 700 | 0 | |a Di Tella, Guido |e author |9 316385 | |
| 700 | 0 | |a Dornbusch, Rudiger |e author |9 316386 | |
| 700 | 0 | |a Fischer, S |e author |9 316387 | |
| 245 | 1 | 0 | |a Inflacion y estabilizacion: la experiencia de Israel, Argentina, Brasil, Bolivia y Mexico |
| 300 | |a 484 p | ||
| 942 | |c BK | ||
| 945 | |d 19900515 00:00:00 | ||
| 260 | |a Ciudad de México |b Fondo de Cultura Ecooómica |c 1988 | ||
| 650 | 0 | |a Inflación |9 257218 | |
| 650 | 0 | |a Política económica |9 255029 | |
| 651 | 0 | |a América Latina |9 255027 | |
| 651 | 0 | |a Israel |9 314378 | |
| 583 | |a last modification |c 19900515 00:00:00 |k Rodrigo Vera | ||
| 490 | 0 | |a Lecturas, 62 | |
| 999 | |c 222355 |d 222353 | ||
| 952 | |0 0 |1 0 |4 0 |6 332_410000000000000_BRU_1988 |7 0 |8 A |9 216942 |a BIBENE |b BIBENE |d 2019-11-15 |i 2858894 |o 332.41 BRU 1988 |p 2858894 |r 2025-01-15 |w 2019-11-15 |y BK |k ICO | ||